Quaid-i-Azam Zandmani 0 Khidmaat (Record no. 7375)
[ view plain ]
| 000 -LEADER | |
|---|---|
| fixed length control field | 00247nam a2200109Ia 4500 |
| 082 ## - DEWEY DECIMAL CLASSIFICATION NUMBER | |
| Classification number | 324.22 |
| 100 ## - MAIN ENTRY--AUTHOR NAME | |
| Personal name | Sharif Al Mujahid |
| 245 #0 - TITLE STATEMENT | |
| Title | Quaid-i-Azam Zandmani 0 Khidmaat |
| 260 ## - PUBLICATION, DISTRIBUTION, ETC. (IMPRINT) | |
| Place of publication | Karachi |
| Name of publisher | Idarahai Tasneef |
| Year of publication | 2016 |
| 300 ## - PHYSICAL DESCRIPTION | |
| Number of Pages | 504 |
| 942 ## - ADDED ENTRY ELEMENTS (KOHA) | |
| Koha item type | Books |
| Withdrawn status | Lost status | Collection code | Permanent Location | Current Location | Shelving location | Date acquired | Full call number | Accession Number | Koha item type |
|---|---|---|---|---|---|---|---|---|---|
| | | Jinnah Corner | MAJU | MAJU | | 2019-09-12 | 900.99 | 1232 | Jinnah Corner |